000 00822nam a2200205 a 4500
001 59442
003 BD-RjUL
005 20211209080730.0
008 161224s990 bg ||||| |||| 00| 0 ben d
035 _a(BD-RjUL)59566
040 _aBD-RjUL
_bben
_cBD-RjUL
_dBD-RjUL
041 _aben
082 _223
_a347.095492
_bGRA 1990
245 _aগ্রাম্য আদালত অধ্যাদেশ :
_b(১৯৭৬ সনের ৬১ নং) /
260 _aচট্টগ্রাম :
_bশ্রীমতি অনিমা চৌধুরী,
_c১৯৯০
300 _a[১০], ১৩৭ পৃ. ;
_c২১ সেমি.
650 _aকার্যপ্রণালী এবং কোর্ট
_9117897
_zবাংলাদেশ
650 _aProcedure and Court
_9121552
_zBangladesh
942 _2ddc
_cBK
999 _c59442
_d59442